Kinh dịch tân giải

保存先:
書誌詳細
第一著者: Tôn Đức Hậu
フォーマット: 図書
言語:Undetermined
出版事項: Tp. HCM Tp. HCM 1996
主題:
タグ: タグ追加
タグなし, このレコードへの初めてのタグを付けませんか!
Thư viện lưu trữ: Trung tâm Học liệu Trường Đại học Cần Thơ
LEADER 00553nam a2200181Ia 4500
001 CTU_53306
008 210402s9999 xx 000 0 und d
020 |b 22000 
082 |a 181.11 
082 |b H125 
100 |a Tôn Đức Hậu 
245 0 |a Kinh dịch tân giải 
245 0 |c Tôn Đức Hậu; Doãn Chính, Trương Giới và Trương Văn Chung biên dịch 
260 |a Tp. HCM 
260 |b Tp. HCM 
260 |c 1996 
650 |a philosophy, chinese 
980 |a Trung tâm Học liệu Trường Đại học Cần Thơ